1606 1934 1260 1196 1418 1134 1930 1566 1442 1541 1728 1023 1963 1155 1669 1876 1773 1634 1972 1478 1352 1373 1797 1361 1676 1854 1825 1874 1865 1184 1490 1808 1870 1296 1273 1230 1386 1907 1544 1421 1169 1623 1151 1782 1525 1549 1024 1279 1799 1736 1349 1697 1570 1917 1871 1333 1612 1033 1453 1778 1781 1995 1684 1700 1848 1555 1401 1931 1855 1085 1185 1765 1375 1559 1614 1807 1664 1200 1073 1831 1335 1117 1637 1708 1896 1216 1211 1877 1779 1414 1773 1788 1022 1785 1887 1016 1001 1959 1182 BCNSPRNW ULIB Ver.6.0+V

เปลี่ยนเป็นภาษาไทย

Change to English
 แสดงรายละเอียดบรรณานุกรม
  กลับหน้าหลัก

Brief Record : Get Marc (ISO 2709) : E-mail record : QR code < ปิดหน้าต่าง
LEADER : 00000nam 2200000uu 4500
001    13399121768
003     ULIB
008    121204s2550||||th 000 0 tha d
020    ^a9789747464641
060 04 ^aWE725^bก145ร 2550
245 00 ^aโรคกระดูกสันหลังเสื่อม =^bDegenerative disease of the spine /^cก่อกู้ เชียงทอง, ต่อพงษ์ บุญมาประเสริฐ, บรรณาธิการ
246 31 ^aDegenerative disease of the spine
250    ^aพิมพ์ครั้งที่ 1
260    ^aเชียงใหม่ :^bคณะแพทยศาสตร์ มหาวิทยาลัยเชียงใหม่,^c2550
300    ^axviii, 301 หน้า :^bภาพประกอบ ;^c27 ซม.
650  7 ^aกระดูกสันหลัง, โรค
700 0  ^aก่อกู้ เชียงทอง,^eบรรณาธิการ
700 0  ^aต่อพงษ์ บุญมาประเสริฐ,^eบรรณาธิการ
710 2  ^aมหาวิทยาลัยเชียงใหม่.^bคณะแพทยศาสตร์
945    ^p250^l0^i14217
995    ^aกัณชพร
999 ^a ใช้งานได้ทุกระบบ
รายการนี้ยังไม่มีแท็ก
คุณยังไม่ได้ล็อกอิน คุณสามารถมีกิจกรรมร่วมกับเว็บไซต์ได้ แต่ต้องล็อกอินก่อน ::
  ล็อกอิน

รายการสื่อสารสนเทศ

ลำดับที่ ประเภท เลขเรียก/บาร์โค้ด สถานที่ สถานะ
1. วิทยาศาสตร์การแพทย์ และสุขภาพ
วิทยาศาสตร์การแพทย์ และสุขภาพ
WE725 ก145ร 2550  
  Barcode: 14217
ห้องสมุดวิทยาเขตสวรรค์ประชารักษ์
►ส่วนจัดเก็บหนังสือเก่า สปร
บนชั้น
  ขอยืม

รายการใกล้เคียง
    หัวเรื่อง [กระดูกสันหลัง, โรค]

BibComment


ยังไม่เคยถูกคอมเมนท์

คอมเมนท์ทรัพยากรรายการนี้
  คอมเมนท์: โรคกระดูกสันหลัง..


 Copyright 2026. Bcnsprnw @Library